La Competitivitat, repte global / Jordi Pujol
Publicado:
Barcelona :
Generalitat de Catalunya. Entitat Autònoma del Diari Oficial i de Publicacions ,
1991
Descripción Física:
56 p. ; 21 cm
Colección:
Temes d'actualitat ; 4
MARC
| LEADER | 00000nam a2200000Ia 4500 | ||
|---|---|---|---|
| 001 | 9493 | ||
| 008 | 160829s1991 xx 000 0 cat d | ||
| 080 | |a M-2-294 | ||
| 100 | |a Pujol, Jordi, |d 1930- |9 36355 | ||
| 245 | |a La Competitivitat, repte global / Jordi Pujol | ||
| 260 | |a Barcelona : |b Generalitat de Catalunya. Entitat Autònoma del Diari Oficial i de Publicacions, |c 1991 | ||
| 300 | |a 56 p. ; |c 21 cm | ||
| 490 | |a Temes d'actualitat ; 4 | ||
| 650 | |a Competència econòmica |x Espanya |9 24033 | ||
| 651 | 0 | |a Catalunya |x Política econòmica |9 55202 | |
| 901 | |a Arxiu | ||
| 942 | |n 1 | ||
| 952 | |0 0 |1 0 |4 0 |6 M2294 |7 1 |9 42945 |a Arxiu |b Arxiu |d 2016-12-01 |l 0 |o M-2-294 |p 9493 |r 2016-12-01 00:00:00 |w 2016-12-01 |y ARXIU | ||
| 999 | |c 45487 |d 45487 | ||